000
00310nam a2200121Ia 4500
008
220204s9999 xx 000 0 und d
082
_a
577.24(035)
_b
FIN
245
0
_a
Handbook of the biology of aging
260
_a
New York
_b
Van Nostrand
_c
1977
700
_a
Finch, C E
700
_a
Hayflick, L
942
_c
BK
999
_c
26870
_d
26870